La idea de lo clásico /

I tiakina i:
Ngā taipitopito rārangi puna kōrero
Kaituhi matua: Aullón de Haro, Pedro (edición)
Ētahi atu kaituhi: Crespo, Emilio (edición) (edición)
Hōputu: Pukapuka
Reo:Pāniora
I whakaputaina: Madrid, España : Casimiro : Instituto Juan Andrés de Comparatística y Globalización, 2017, c2017
Ngā marau:
Ngā Tūtohu: Tāpirihia he Tūtohu
Kāore He Tūtohu, Me noho koe te mea tuatahi ki te tūtohu i tēnei pūkete!

MARC

LEADER 00000nam^a2200000^a^4500
001 000399797
005 20250521000000.0
009 20260310121601.317
020 |a 978-84-946603-1-3 
037 |a Acervo ITESO - Biblioteca 
041 |a ESP 
082 |a 700. 1  |b AUL 
100 |a Aullón de Haro, Pedro  |e (edición) 
245 1 3 |a La idea de lo clásico /  |c Ed. de P. Aullón de Haro, E. Crespo. 
264 4 |a Madrid, España :  |b Casimiro :  |b Instituto Juan Andrés de Comparatística y Globalización,  |c 2017, c2017 
300 |a 368 p. 
336 |a texto  |b txt  |2 rdacontenido 
337 |a sin mediación  |b n  |2 rdamedio 
338 |a volumen  |b nc  |2 rdasoporte 
521 |a FIL 2017 EEnlace Desarrollo Educativo 
649 |a XX 
650 |a Clasicismo (Canon Estético) -  |x Tema Principal 
650 |a Canon Estético -  |x Historia -  |x Tema Principal 
650 |a Literatura Clásica 
650 |a Filosofía Clásica 
650 |a Escuela Clásica (Economía) 
650 |a Estética 
650 |a Arte Clásico 
700 |a Crespo, Emilio  |e (edición) 
910 |a Fondo General 
920 |a Impresos - Libros 
930 |a Colección General 
905 |a 101 
901 |a 0500294865  |b IT1  |c ACC  |i c158379  |u 20250521 
902 |a https://opac.biblio.iteso.mx/vufind/Record/000399797